000 00513nam a22001697a 4500
008 230602b |||||||| |||| 00| 0 eng d
020 _a0 7100 8928 7
040 _aNational Science Library
_cNational Science Library
080 _aR 308.8=20=40
_bL7
100 _aBelle-Isle, J Gerald
_910776
245 _aEnglish-French general technical dictionary
260 _aLondon:
_bRoutledge & Kegan Paul,
_c1978
300 _axii, 552p.
650 _aSociography
653 _aDictionary
942 _2udc
_cREF
999 _c38709
_d38709